Green chemistry for environmental sustainability/ (Record no. 233)

000 -LEADER
fixed length control field 00702nam a2200229 a 4500
001 - CONTROL NUMBER
control field 233
003 - CONTROL NUMBER IDENTIFIER
control field BD-DhUET
008 - FIXED-LENGTH DATA ELEMENTS--GENERAL INFORMATION
fixed length control field 100525s2011 flua sb 001 0 eng d
020 ## - INTERNATIONAL STANDARD BOOK NUMBER
International Standard Book Number 9781439824733
040 ## - CATALOGING SOURCE
Original cataloging agency DLC
Transcribing agency DLC
Modifying agency BD-DhUET
082 00 - DEWEY DECIMAL CLASSIFICATION NUMBER
Classification number 574.52
Item number SHA/2011
245 00 - TITLE STATEMENT
Title Green chemistry for environmental sustainability/
Statement of responsibility, etc. edited by Sanjay Kumar Sharma, Ackmez Mudhoo.
250 ## - EDITION STATEMENT
Edition statement 1st ed.
260 ## - PUBLICATION, DISTRIBUTION, ETC. (IMPRINT)
Place of publication, distribution, etc. Boca Raton :
Name of publisher, distributor, etc. Taylor & Francis,
Date of publication, distribution, etc. 2011.
300 ## - PHYSICAL DESCRIPTION
Extent xvii,432p.
490 1# - SERIES STATEMENT
Series statement Sustainability:contributions through science technology
504 ## - BIBLIOGRAPHY, ETC. NOTE
Bibliography, etc Includes bibliographies
650 #0 - SUBJECT ADDED ENTRY--TOPICAL TERM
Topical term or geographic name as entry element Environmental chemistry
700 1# - ADDED ENTRY--PERSONAL NAME
Personal name Sharma, Sanjay Kumar.
700 1# - ADDED ENTRY--PERSONAL NAME
Personal name Mudhoo, Ackmez.
942 ## - ADDED ENTRY ELEMENTS (KOHA)
Koha item type General Book
Holdings
Koha item type Koha full call number Not for loan Copy number Location (home branch) Sublocation or collection (holding branch) Lost status Koha date last borrowed Koha issues (times borrowed) Price effective from Piece designation (barcode) Source of classification or shelving scheme Date acquired Shelving location Koha date last seen Withdrawn status Damaged status Koha normalized classification for sorting
General Book574.52/SHA/2011 1Central Library, BUETCentral Library, BUET 2018-11-1212014-07-19110349 2014-07-19Circulation section2018-11-24  574_000000000000000_52SHA2011
General Book574.52/SHA/2011 2Central Library, BUETCentral Library, BUET   2014-07-19110350 2014-07-19Circulation section2014-07-19  574_000000000000000_52SHA2011